| 000 | 00557nam a22001937a 4500 | ||
|---|---|---|---|
| 003 | OSt | ||
| 005 | 20260302082554.0 | ||
| 008 | 260205b |||||||| |||| 00| 0 eng d | ||
| 020 | _a978-1-926692-32-6 | ||
| 040 |
_aDWCL-Main Lib _cOC |
||
| 082 | _aRes.530 P558 2009 | ||
| 100 |
_aPhilips, Robert, _d1957 |
||
| 245 | _aIntroduction to physics | ||
| 260 |
_aOakville, ON : _bApple academc Press, _cc2009 |
||
| 300 |
_a274 p. ; _c24 cm. |
||
| 504 | _a1. Includes bibliographical references and index. | ||
| 650 | _aPhysics. | ||
| 942 |
_2ddc _cBK-CIRC _mRes. _n0 |
||
| 999 |
_c8285 _d8285 |
||